[Event "Subcarpathian-chT"]
[Site "Bystre"]
[Date "2021.06.12"]
[Round "6.13"]
[White "Lach, Ireneusz"]
[Black "Piekarski, Lukasz"]
[Result "0-1"]
[WhiteElo "1852"]
[BlackElo "1873"]
[PlyCount "105"]
[EventDate "2021.06.09"]
[EventType "team-tourn"]
[EventRounds "9"]
[EventCountry "POL"]
[SourceTitle "EXT 2022"]
[Source "ChessBase"]
[SourceDate "2021.10.06"]
[SourceVersion "1"]
[SourceVersionDate "2021.10.06"]
[SourceQuality "1"]

1. Nf3 Nf6 2. d4 g6 3. g3 Bg7 4. Bg2 0-0 5. 0-0 d6 6. c4 Nc6 7. Nc3 Bf5 8. Nh4 Bd7 9. h3 Qc8 10. Kh2 Nxd4 11. e3 Nc6 12. Bd2 Re8 13. Nf3 Bf5 14. Ne1 e5 15. Rc1 a5 16. f3 h5 17. Qe2 e4 18. f4 Qd7 19. Rg1 d5 20. cxd5 Nxd5 21. Nxd5 Qxd5 22. Bc3 Rad8 23. g4 hxg4 24. hxg4 Bc8 25. Kg3 Bxc3 26. bxc3 Qd2 27. Rc2 Qd1 28. Rh1 Kg7 29. Bf1 Qxe2 30. Bxe2 Rd6 31. Ng2 Red8 32. Rb1 Rd2 33. Rbb2 Rxc2 34. Rxc2 Be6 35. Rb2 b6 36. Rc2 Ne7 37. Kf2 Rd6 38. Ke1 Nd5 39. a3 Nf6 40. g5 Nd5 41. Kf2 Bh3 42. Ne1 Rc6 43. c4 Ne7 44. c5 Rxc5 45. Rxc5 bxc5 46. Bc4 Be6 47. Bxe6 fxe6 48. Ke2 Nd5 49. Kd2 Kf7 50. Nc2 a4 51. Ke2 e5 52. fxe5 Ke6 53. Ke1 0-1

[Event "Subcarpathian-chT"]
[Site "Bystre"]
[Date "2021.06.10"]
[Round "2.1"]
[White "Mikula, Michal"]
[Black "Piekarski, Lukasz"]
[Result "1-0"]
[WhiteElo "1888"]
[BlackElo "1873"]
[PlyCount "89"]
[EventDate "2021.06.09"]
[EventType "team-tourn"]
[EventRounds "9"]
[EventCountry "POL"]
[SourceTitle "EXT 2022"]
[Source "ChessBase"]
[SourceDate "2021.10.06"]
[SourceVersion "1"]
[SourceVersionDate "2021.10.06"]
[SourceQuality "1"]

1. e4 d6 2. d4 Nf6 3. Nc3 g6 4. Bc4 Bg7 5. Qe2 Nc6 6. e5 Nxd4 7. exf6 Nxe2 8. fxg7 Rg8 9. Ngxe2 Rxg7 10. Bh6 Rg8 11. 0-0-0 c6 12. Rhe1 g5 13. Ne4 Rg6 14. Bxg5 f5 15. Nf4 fxe4 16. Nxg6 Qa5 17. h4 d5 18. Nxe7 h6 19. Bf6 Be6 20. Rxe4 dxe4 21. Bxe6 Rd8 22. Nf5 Rxd1+ 23. Kxd1 Qc5 24. Bd4 Qa5 25. g4 c5 26. Bc3 Qa6 27. Kd2 Kf8 28. Bg7+ Ke8 29. Bxh6 Qa5+ 30. Ke3 Qe1+ 31. Kf4 Qxf2+ 32. Kxe4 Qxc2+ 33. Kf4 Qf2+ 34. Kg5 Qd2+ 35. Kg6 Qe2 36. Ne3 Ke7 37. Nd5+ Kd6 38. Bf8+ Ke5 39. Bg7+ Kd6 40. Nf4 Qe4+ 41. Kg5 c4 42. h5 b5 43. h6 b4 44. Bf5 Qh1 45. h7 1-0

[Event "POL-chT 2nd League"]
[Site "Poronin"]
[Date "2020.09.09"]
[Round "5.20"]
[White "Piekarski, Lukasz"]
[Black "Steczek, Marcin"]
[Result "0-1"]
[WhiteElo "1868"]
[BlackElo "2359"]
[PlyCount "92"]
[EventDate "2020.09.05"]
[EventType "team-swiss"]
[EventRounds "9"]
[EventCountry "POL"]
[SourceTitle "CBM 198 Extra"]
[Source "ChessBase"]
[SourceDate "2020.11.30"]
[SourceVersion "1"]
[SourceVersionDate "2020.11.30"]
[SourceQuality "1"]
[WhiteTeam "Ustrzyki Dolne"]
[BlackTeam "Konin Hetman"]
[WhiteTeamCountry "POL"]
[BlackTeamCountry "POL"]

1. e4 Nf6 2. e5 Nd5 3. d4 d6 4. Nf3 Bg4 5. Bc4 e6 6. Be2 Be7 7. 0-0 0-0 8. c4 Nb6 9. b3 dxe5 10. dxe5 Nc6 11. Bb2 Nd7 12. Ne1 Bxe2 13. Qxe2 Ndxe5 14. f4 Ng6 15. Nd3 Bf6 16. Nc3 Nd4 17. Qd2 Nf5 18. Rf3 h5 19. Re1 Qd7 20. Rh3 Rfd8 21. Qe2 h4 22. Kh1 Ng3+ 23. hxg3 Qxd3 24. Qh5 Qc2 25. f5 Qxf5 26. Qxf5 exf5 27. gxh4 c6 28. Bc1 Nxh4 29. Rf1 Rd7 30. Ne2 Rad8 31. Kh2 Rd1 32. Rxd1 Rxd1 33. Re3 Ng6 34. Re8+ Kh7 35. Kg3 Rd3+ 36. Kf2 Ne5 37. Nf4 Rc3 38. Ne2 Rc2 39. Ke1 Rxa2 40. Be3 b6 41. Ra8 c5 42. Nf4 Ng4 43. Bd2 Be5 44. Nd5 Nf6 45. Ne7 Ne4 46. Be3 f4 0-1

[Event "POL-chT 2nd League"]
[Site "Poronin"]
[Date "2020.09.07"]
[Round "3.19"]
[White "Niekras, Dawid"]
[Black "Piekarski, Lukasz"]
[Result "1/2-1/2"]
[WhiteElo "2329"]
[BlackElo "1868"]
[PlyCount "114"]
[EventDate "2020.09.05"]
[EventType "team-swiss"]
[EventRounds "9"]
[EventCountry "POL"]
[SourceTitle "CBM 198 Extra"]
[Source "ChessBase"]
[SourceDate "2020.11.30"]
[SourceVersion "1"]
[SourceVersionDate "2020.11.30"]
[SourceQuality "1"]
[WhiteTeam "Lipno Steszew"]
[BlackTeam "Ustrzyki Dolne"]
[WhiteTeamCountry "POL"]
[BlackTeamCountry "POL"]

1. e4 d6 2. d4 Nf6 3. Nc3 g6 4. f4 Bg7 5. Nf3 c5 6. dxc5 Qa5 7. Qd4 0-0 8. Bd2 Nc6 9. Qc4 Qxc5 10. Qxc5 dxc5 11. e5 Ne8 12. Be3 b6 13. 0-0-0 Nc7 14. Bd3 Bb7 15. Be4 Rad8 16. g4 f5 17. exf6 exf6 18. f5 Rfe8 19. Bf4 Nb5 20. Rxd8 Nxd8 21. Bxb7 Nxc3 22. Ba6 Nxa2+ 23. Kd2 Re4 24. Bc7 Nb4 25. Bb5 Nf7 26. c3 Re7 27. Bb8 Bh6+ 28. Kd1 Nd5 29. Kc2 Ne3+ 30. Kb3 a5 31. fxg6 hxg6 32. h3 Kf8 33. Nh4 Kg7 34. Bd3 c4+ 35. Bxc4 Nxc4 36. Kxc4 f5 37. gxf5 Re4+ 38. Kb5 Rxh4 39. fxg6 Kxg6 40. Kxb6 a4 41. Kb5 Bf8 42. Ra1 a3 43. b4 Rxh3 44. Rxa3 Kf5 45. Ra7 Ke6 46. c4 Nd8 47. c5 Rb3 48. Ra6+ Kd7 49. Bd6 Bxd6 50. Rxd6+ Kc7 51. Rh6 Rb1 52. Rh7+ Kb8 53. Rd7 Kc8 54. Rd4 Kc7 55. Rg4 Rb2 56. Rg1 Kb7 57. Rg7+ Kb8 1/2-1/2

[Event "POL-chT3 Podkarpackie"]
[Site "Czudec"]
[Date "2016.06.18"]
[Round "7.24"]
[White "Piekarski, Lukasz"]
[Black "Lewtak, Damian"]
[Result "0-1"]
[WhiteElo "1971"]
[BlackElo "2323"]
[PlyCount "88"]
[EventDate "2016.05.27"]
[EventType "team-tourn"]
[EventRounds "9"]
[EventCountry "POL"]
[SourceTitle "EXT 2018"]
[Source "ChessBase"]
[SourceDate "2017.10.13"]
[SourceVersion "1"]
[SourceVersionDate "2017.10.13"]
[SourceQuality "1"]
[WhiteTeam "Ustrzyki Dolne"]
[BlackTeam "Czarna LKSz GCKiP"]
[WhiteTeamCountry "POL"]
[BlackTeamCountry "POL"]

1. e4 c5 2. c4 Nc6 3. g3 g6 4. Bg2 Bg7 5. Ne2 e6 6. Nbc3 Nge7 7. 0-0 0-0 8. Rb1 Rb8 9. a3 Nd4 10. b4 d6 11. d3 b6 12. bxc5 dxc5 13. Bf4 Rb7 14. e5 Rd7 15. Ne4 Nec6 16. Bg5 Qc7 17. Nxd4 Rxd4 18. f4 Ne7 19. Nf6+ Bxf6 20. Bxf6 Bb7 21. g4 Bxg2 22. Kxg2 Rfd8 23. Qe1 Rxd3 24. Rb2 Kf8 25. Qh4 Rd2+ 26. Rxd2 Rxd2+ 27. Rf2 Qb7+ 28. Kg1 Rd1+ 29. Rf1 Rxf1+ 30. Kxf1 h5 31. Kf2 Qd7 32. Ke2 Qb7 33. Qg5 Qg2+ 34. Ke3 Ng8 35. gxh5 Qxg5 36. Bxg5 gxh5 37. Kd3 Ne7 38. Kc3 Nc6 39. Kb3 Na5+ 40. Kc3 Kg7 41. Bd8 Kg6 42. h3 Kf5 43. Bg5 Ke4 44. Bh6 Nc6 0-1

[Event "POL-chT3 Podkarpackie"]
[Site "Pstragowa"]
[Date "2014.05.03"]
[Round "6.1"]
[White "Zaskalski, Arkadiusz"]
[Black "Piekarski, Lukasz"]
[Result "1-0"]
[WhiteElo "2216"]
[BlackElo "1868"]
[PlyCount "66"]
[EventDate "2014.04.30"]
[EventType "team-tourn"]
[EventRounds "9"]
[EventCountry "POL"]
[SourceTitle "EXT 2015"]
[Source "ChessBase"]
[SourceDate "2014.11.20"]
[SourceVersion "1"]
[SourceVersionDate "2014.11.20"]
[SourceQuality "1"]
[WhiteTeam "Mielec"]
[BlackTeam "Ustrzyki Dolne"]
[WhiteTeamCountry "POL"]
[BlackTeamCountry "POL"]

1. Nf3 Nf6 2. c4 g6 3. g3 Bg7 4. Bg2 0-0 5. Nc3 d6 6. 0-0 Nc6 7. d4 Bf5 8. d5 Na5 9. Nd4 Bd7 10. b3 c5 11. dxc6 Nxc6 12. Nc2 Qc8 13. Re1 Bh3 14. Bh1 Ng4 15. Bb2 Qf5 16. Bf3 Nge5 17. Bg2 Qh5 18. f3 Nd7 19. Qd2 Rac8 20. Rad1 Rfd8 21. e4 Nc5 22. Ne3 Ne6 23. Ncd5 Bxg2 24. Kxg2 Ng5 25. Rf1 Qh3+ 26. Kh1 Be5 27. Qf2 f6 28. Rd2 Re8 29. Ng2 Ne6 30. f4 Bxb2 31. Rxb2 Nc5 32. Qf3 Nd4 33. Qe3 Nc6 1-0